000 00946nam a2200325 i 4500
999 _c7655
_d7655
001 991060724938506706
003 OSt
005 20230322111518.0
008 220802e202209 spca|||j |||| 0|1 0 spa|
015 _aLL2022
_2bnc
017 _aDL B 357-2022
_bBiblioteca de Catalunya
020 _a9788418304385
040 _aES-BaBC
_bcat
_erda
_cCDMR
041 1 _acat
_hcat
080 _a070.16
080 _a659.3:37.014.22
100 1 _aCarrillo, Nereida
_93578
240 1 0 _aFake over.
_lCatalà
245 1 0 _aFake over /
_ctext de Nereida Carrillo ; il·lustracions d'Alberto Montt
264 1 _aBarcelona :
_bFlamboyant,
_c2022
300 _a116 pàgines :
_bil·lustracions en color ;
_c23 cm
546 _aText en castellà
650 7 _aFake news
_2lemac
650 7 _aAlfabetització mediàtica
_2lemac
650 0 _aDesinformació
_94286
700 1 _aMontt, Alberto,
908 _aBC
_aUB
940 _aBC
942 _2udc
_cMON